000
00279nam a2200097Ia 4500
001
683955
005
20250826161448.0
008
250824s9999 xx 000 0 und d
245
0
_a
ÇANAKKALEDE AÇAN VATAN ÇİÇEKLERİ
_c
HASAN BAYRAKTAR
260
_b
SELÇUKLU BELEDİYESİ YAYINLARI
999
_c
683955
_d
683955